000 00356nam a2200145Ia 4500
005 20251222143254.0
008 251222s9999||||xx |||||||||||||| ||spa||
020 _a9972950504
082 _a324.72/V46
100 _aVentura, José
245 0 _aLa Campaña Política
250 _a1ra.ed.
264 _bEscuela Mayor de Gestión Municipal
942 _cLIB
999 _c15088
_d15088